|
|
|
|
| LEADER |
01093njm a2200301 4500 |
| 001 |
000991944 |
| 003 |
CZ BrMZK |
| 005 |
20030909144335.0 |
| 007 |
ss lsnjlcmpnze |
| 008 |
010825s1983 f |
| 020 |
|
|
|a 052124465X
|
| 040 |
|
|
|a BOA001
|b cze
|
| 100 |
1 |
|
|a Doff, Adrian
|7 xx0002490
|
| 245 |
1 |
0 |
|a Meanings into words :
|b Upper-intermediate : Drills Cass.
|
| 260 |
|
|
|a Cambridge :
|b Cambridge University Press,
|c 1983
|
| 300 |
|
|
|a 1 sound cassette
|
| 650 |
0 |
9 |
|a Adult courses (intermediate)
|2 eczenas
|
| 650 |
0 |
9 |
|a Courses
|2 eczenas
|
| 650 |
0 |
9 |
|a English as a foreign language
|2 eczenas
|
| 650 |
0 |
9 |
|a English language
|2 eczenas
|
| 650 |
0 |
9 |
|a Situationally/functionally based
|2 eczenas
|
| 700 |
1 |
|
|a Jones, Christopher,
|d 1949-
|7 pna2005311975
|
| 700 |
1 |
|
|a Mitchell, Keith,
|d 1938-
|7 xx0067870
|
| 910 |
|
|
|a BOA001
|x X 239-240
|
| 990 |
|
|
|a KZ
|
| 991 |
|
|
|y British Council Brno - Czech Republic
|z 000040507
|x 99
|
| 995 |
|
|
|a Brno RC
|e R04904
|j CF12 428.322
|y R049040391
|D 0.00
|F 49
|H 0
|I 0.00
|U C
|Z General
|
| 995 |
|
|
|a Brno RC
|e Z02692
|j CF12 428.322
|y R059230391
|D 0.00
|F 49
|H 0
|I 0.00
|U C
|Z General
|